Listen to the Moon (Запис № 17940)
[ простий вигляд ]
| 000 -Маркер запису | |
|---|---|
| Контрольне поле сталої довжини | 02271nam a22002417a 4500 |
| 003 - Належність контрольного номера | |
| Контрольне поле | Uzh_bibl |
| 008 - Кодовані дані | |
| Контрольне поле сталої довжини | 260525b |||||||| |||| 00| 0 ukr d |
| 020 ## - Індекс ISBN | |
| ISBN | 978-0-00-794401-9 |
| Ціна | 250.00 |
| 040 ## - Джерело каталогіз. | |
| Код мови каталог. | укр. |
| 041 ## - Код мови видання | |
| Код мови оригіналу | англійська |
| Код мови тексту | англійська |
| 080 ## - Індекс УДК | |
| Індекс УДК | 821(410) |
| 090 ## - Шифри | |
| Поличний індекс | 821(410) |
| Авторський знак | М 83 |
| 100 ## - Автор | |
| Автор | Morpurgo, Michael |
| 245 ## - Назва | |
| Назва | Listen to the Moon |
| Фізичний носій | Текст |
| 260 ## - Вихідні дані | |
| Місце видання | London |
| Видавництво | Square Fish |
| Дата видання | 2014 |
| 300 ## - Фізичний опис | |
| Обсяг | 440 s. |
| Тип одиниці | В опр. |
| 520 ## - Анотація | |
| Анотація | Елфі живе біля узбережжя Англії. Меррі живе в Нью-Йорку. Поки Меррі з матір'ю не вирушили на «Лузітанії» до Англії, де батько Меррі одужує після воєнного поранення. Люди казали їм не йти, чуючи чутки, що «Лузітанія» може перевозити боєприпаси. Але вони відчайдушно хочуть возз'єднатися з батьком Меррі.<br/><br/>Альфі та його батько знаходять загублену дівчину в покинутому будинку на маленькому острові. Дівчина не говорить, окрім того, що звучить як «Люсі». Мати Альфі доглядає її до здоров'я. Інші в селі підозрюють немислиме: Люсі насправді німкеня — ворог, бо її знаходять із ковдрою з німецьким жетоном.<br/><br/>Розказаний з точки зору Елфі та Меррі, цей вишуканий роман розповідає про друзів, ворогів і несподівану доброту.<br/><br/>«Listen to the Moon» Майкла Морпурго — це воєнна історія та трагічна історія морського корабля, натхненна затопленням «Лузітанії» під час Першої світової війни. |
| 521 ## - Примітка про цільове призначення | |
| Примітка про цільове призначення | Для підлітків |
| 546 ## - Примітка про мову | |
| Примітка про мову | укр. |
| 650 ## - Тематичні рубрики | |
| Основна рубрика | Літературно-художне видання |
| 655 ## - Термін індексування — жанр/форма | |
| Жанр/форма | Соціальні та сімейні питання |
| 942 ## - ADDED ENTRY ELEMENTS (KOHA) | |
| Джерело класифікації чи схема поличного розташування | |
| Koha item type | Книги |
| Статус вилучення | Статус втрати/відсутності | Джерело класифікації чи схема поличного розташування | Статус пошкодження | Тип обігу (не для випозичання) | Постійне розташування | Поточне розташування | Дата надходження | Джерело надходження (постачальник) | Інвентарний номер | Total Checkouts | Повний (примірниковий) шифр зберігання | Штрих-код | Date last seen | Дата, для якої чинна ціна заміни | Тип одиниці (рівень примірника) |
|---|---|---|---|---|---|---|---|---|---|---|---|---|---|---|---|
| Бібліотека-філія № 1 для дітей | Бібліотека-філія № 1 для дітей | 23/04/2026 | Подаровані | 80872 | 821(410) | 19430 | 25/05/2026 | 25/05/2026 | Книги |